00692nam a2200205 i 4500001000700000003000900007005001700016007000300033008004100036245009800077260008900175300002200264490003600286700002300322700002400345700002600369710003400395830003600429852002100465148636ES-MaACL20230906202735.0t|070214s1977 xxu r ||||1| eng d00aStudies in honor of Ruth Lee Kennedy / cVern G. Williamsen and A. F. Michael Atlee, editors. aChapel Hiel, N. C. : b[University of North Carolina, c1977] (eValencia : fSoler) a176 p. ; c24 cm.1 aEstudios de Hispanofilia ; v461 aKennedy, Ruth Lee.1 aWilliamsen, Vern G.1 aAtlee, A. F. Michael.2 aUniversity of North Carolina.0 aEstudios de Hispanofilia ; v46 aES-MaACLjA-7560